China critic : Chung-kuo ping-lun chuo pao.

Bibliographic Details
Format: Journal
Language:English
Published: Shanghai : China Critic Pub. Co., 1928-1945.
Subjects:
Online Access:http://proxy.library.tamu.edu/login?url=http://coral.library.tamu.edu/resourcelink.php?resource=3724

MARC

Tag First Indicator Second Indicator Subfields
LEADER 00000cas a2200000Ka 4500
001 in00003338821
005 20190407112824.0
006 m o d
007 cr bn||||||abp
007 cr bn||||||ada
008 100318d19281940cc wr p o 0 0eng d
035 |a (OCoLC)ocn561720402 
035 |a (OCoLC)561720402 
040 |a OCLCE  |b eng  |c OCLCE  |d OCLCQ  |d UtOrBLW 
042 |a dlr 
043 |a a-cc--- 
049 |a TXAM 
082 0 4 |a 915.1 
090 |a DS701  |b .C36 Electronic 
245 0 0 |a China critic :  |b Chung-kuo ping-lun chuo pao. 
246 3 0 |a Chung-kuo ping-lun chuo pao 
246 1 |i ProQuest version under title:  |a ProQuest historical newspapers: Chinese newspapers collection (1832-1953) 
264 1 |a Shanghai :  |b China Critic Pub. Co.,  |c 1928-1945. 
300 |a 32 volumes :  |b illustrations ;  |c 31 cm. 
310 |a Weekly 
336 |a text  |b txt  |2 rdacontent 
337 |a computer  |b c  |2 rdamedia 
338 |a online resource  |b cr  |2 rdacarrier 
362 0 |a Vol. 1, no. 1-v. 32, no. 19 (May 31, 1928-Dec. 27, 1945). 
500 |a "The only Chinese owned and edited English weekly." 
588 |a Description based on print version record. 
500 |a Electronic resource. 
651 0 |a China  |x Politics and government  |y 1912-1949  |v Periodicals. 
651 0 |a China  |x Social conditions  |v Periodicals. 
776 1 |c Original  |w (OCoLC)1554306 
856 4 0 |u http://proxy.library.tamu.edu/login?url=http://coral.library.tamu.edu/resourcelink.php?resource=3724  |t 0 
994 |a C0  |b TXA 
948 |a cataloged  |b h  |c 2013/9/26  |d c  |e lfurubot  |f 7:38:00 pm 
999 |a MARS 
999 f f |s 4b43e6ed-f680-34f1-a73a-74e5ab5a250f  |i 1c352a17-8b29-3a91-87b1-76cfd2890814  |t 0 
952 f f |a Texas A&M University  |b College Station  |c Electronic Resources  |d Available Online  |t 0  |e DS701 .C36  |g Electronic  |h Library of Congress classification 
998 f f |a DS701 .C36  |t 0  |l Available Online